[Event "Avoine op 25th"]
[Site "Avoine"]
[Date "2010.07.21"]
[Round "5"]
[White "Monpeurt, Fabien"]
[Black "Oei, Hway Ik"]
[Result "1-0"]
[WhiteElo "1866"]
[BlackElo "2148"]
[PlyCount "41"]
[EventDate "2010.07.17"]
[EventType "swiss"]
[EventRounds "9"]
[EventCountry "FRA"]
[SourceTitle "EXT 2011"]
[Source "ChessBase"]
[SourceDate "2010.11.26"]
[SourceVersion "1"]
[SourceVersionDate "2010.11.26"]
[SourceQuality "1"]

1. e4 c6 2. d4 d5 3. Nc3 dxe4 4. Nxe4 Bf5 5. Ng3 Bg6 6. h4 h6 7. N1e2 Nf6 8. Nf4 Bh7 9. Bc4 e6 10. 0-0 Bd6 11. Re1 0-0 12. Ngh5 Nxh5 13. Nxh5 Qxh4 14. g3 Qe7 15. Qg4 Bg6 16. Bxh6 gxh6 17. Rxe6 Kh7 18. Rxe7 Bxe7 19. Re1 Bd6 20. Nf6+ Kh8 21. Qh4 1-0